000 00561nam a2200205 i 4500
001 71144
003 ES-MaACL
005 20250918063028.0
007 t|
008 040805s1949 fr ||||1| fre d
100 1 _aGaulle, Charles de,
_d1890-1970
_956005
245 1 3 _aLa France et son armée /
_cCharles de Gaulle.
250 _aNouveau tirage.
260 _aParis :
_bPlon et Nourrit,
_c[1949]
300 _a277 p. ;
_c19 cm.
490 1 _aPrésences
830 0 _aPrésences
_9182391
852 _aES-MaACL
_jD-5500
999 _c71144
_d71144